00567nam a2200133Ia 4500008004100000020001400041040004400055100001800099245009900117260004100216300004000257500011500297700002100412180412s9999||||xx |||||||||||||| ||und|| a801822386 aAhmadu Bello University Library - Zaria aMeyer, Eugene 0aResearch inthe psychobiology of human behaviorcedited by Eugene Meyer III and Joseph V. Brady aBaltinmorebJohn Hopkins U. P.c1979 axii, 144p. : ill., diagrs., tables. aBased on papers presented as a part of the Adolf Meyer symposium on psycho-biology...1976 Bibliography: p. 133 aBrady, V. Joseph